<?xml version="1.0" encoding="UTF-8"?>
<collection xmlns="http://www.loc.gov/MARC21/slim">
 <record>
  <leader>01080nam a22001937a 4500</leader>
  <controlfield tag="001">NCT_76004</controlfield>
  <controlfield tag="008">200304b        xxu||||| |||| 00| 0 vie d</controlfield>
  <datafield tag="999" ind1=" " ind2=" ">
   <subfield code="c">3704</subfield>
   <subfield code="d">3704</subfield>
  </datafield>
  <datafield tag="020" ind1=" " ind2=" ">
   <subfield code="a">9786049522277</subfield>
   <subfield code="c">130000</subfield>
  </datafield>
  <datafield tag="082" ind1="0" ind2="4">
   <subfield code="2">23rd ed.</subfield>
   <subfield code="a">363.7</subfield>
   <subfield code="b">B305Đ</subfield>
  </datafield>
  <datafield tag="110" ind1="1" ind2=" ">
   <subfield code="a">Cục Khí tượng Thủy văn và Biến đổi khí hậu</subfield>
  </datafield>
  <datafield tag="245" ind1="1" ind2="0">
   <subfield code="a">Biến đổi khí hậu và tăng trưởng xanh</subfield>
   <subfield code="c">Cục Khí tượng Thủy văn và Biến đổi khí hậu</subfield>
  </datafield>
  <datafield tag="260" ind1=" " ind2=" ">
   <subfield code="a">H.</subfield>
   <subfield code="b">Tài nguyên - Môi trường và Bản đồ Việt Nam</subfield>
   <subfield code="c">2018</subfield>
  </datafield>
  <datafield tag="300" ind1=" " ind2=" ">
   <subfield code="a">267 tr.</subfield>
   <subfield code="b">minh họa</subfield>
   <subfield code="c">24cm</subfield>
  </datafield>
  <datafield tag="653" ind1=" " ind2=" ">
   <subfield code="a">Quản lý tài nguyên &amp; Môi trường.</subfield>
  </datafield>
  <datafield tag="942" ind1=" " ind2=" ">
   <subfield code="2">ddc</subfield>
   <subfield code="c">BK</subfield>
  </datafield>
  <datafield tag="952" ind1=" " ind2=" ">
   <subfield code="0">0</subfield>
   <subfield code="1">0</subfield>
   <subfield code="2">ddc</subfield>
   <subfield code="4">0</subfield>
   <subfield code="6">363_700000000000000_B305Đ</subfield>
   <subfield code="7">0</subfield>
   <subfield code="9">18974</subfield>
   <subfield code="a">000001</subfield>
   <subfield code="b">000001</subfield>
   <subfield code="d">2020-03-04</subfield>
   <subfield code="l">1</subfield>
   <subfield code="o">363.7 B305Đ</subfield>
   <subfield code="p">MD.16708</subfield>
   <subfield code="r">2021-01-26</subfield>
   <subfield code="s">2021-01-20</subfield>
   <subfield code="v">130000.00</subfield>
   <subfield code="w">2020-03-04</subfield>
   <subfield code="y">BK</subfield>
  </datafield>
  <datafield tag="952" ind1=" " ind2=" ">
   <subfield code="0">0</subfield>
   <subfield code="1">0</subfield>
   <subfield code="2">ddc</subfield>
   <subfield code="4">0</subfield>
   <subfield code="6">363_700000000000000_B305Đ</subfield>
   <subfield code="7">0</subfield>
   <subfield code="9">18975</subfield>
   <subfield code="a">000001</subfield>
   <subfield code="b">000001</subfield>
   <subfield code="d">2020-03-04</subfield>
   <subfield code="o">363.7 B305Đ</subfield>
   <subfield code="p">MD.16709</subfield>
   <subfield code="r">2020-03-04</subfield>
   <subfield code="v">130000.00</subfield>
   <subfield code="w">2020-03-04</subfield>
   <subfield code="y">BK</subfield>
  </datafield>
  <datafield tag="980" ind1=" " ind2=" ">
   <subfield code="a">Thư viện Trường Đại học Nam Cần Thơ</subfield>
  </datafield>
 </record>
</collection>
